000 01325cam a22003737a 4500
003 CHAP
005 20241112133728.0
008 000764d2000 mx a r 00110 spa d
010 _a81812
011 _a82784
035 _a93287
040 _cCHAP
090 _aTesis
100 0 0 _aVelázquez Velázquez, Nabor Esdras.
_9118634
245 1 0 _aAutomatización de sistema de control de ph en soluciones nutritivas hidropónicas
_c/por Nabor Esdras Velázquez Velázquez
260 _aChapingo, Méx. :
_bEl autor,
_c2000.
300 _a85 h. :
_bilus.
502 _aTesis (Ing. Mecánico Agrícola) -- UACH. Ingeniería Mecánica Agrícola
590 _aALEPH
_b10
_c20130110
_lUCH01
_h1436
590 _aBATCH-UPD
_b10
_c20130110
_lUCH01
_h0505
590 _aBATCH-UPD
_b10
_c20130110
_lUCH01
_h2333
590 _aBATCH-UPD
_b10
_c20130410
_lUCH01
_h0143
590 _aBATCH-UPD
_b10
_c20130410
_lUCH01
_h1622
590 _aBATCH-UPD
_b10
_c20130914
_lUCH01
_h1616
590 _aCONVERSION
_b10
_c20130109
_lUCH01
_h1345
650 1 4 _aHidroponía.
_955280
650 1 7 _apH
_xMedición
_2
_987753
650 1 4 _aSoluciones nutritivas.
_9108527
901 _aBK
905 _aBlanca M. García O.
942 _cFOLL
949 _bBC
_cTES
_d33724000781928
_eTS2
_fc.2
_h36940
_i93287
_si
949 _bBC
_cTES
_d932871
_eTS1
_h36939
_i93287
_sb
999 _c81812
_d81812